| 000 | 00332nam a2200133Ia 4500 | ||
|---|---|---|---|
| 008 | 210210b1994 xxu||||| |||| 00| 0 eng d | ||
| 082 | _a912.954 POOT | ||
| 100 | _aPOOVENDRAN (P),Ed. | ||
| 245 | _aT T K atlas of Indian states. | ||
| 260 |
_aN D _bT T maps & Publications _c1994 |
||
| 300 | _a42 | ||
| 690 | _aAtlas | ||
| 906 | _a048346 | ||
| 999 |
_c97164 _d97164 |
||